| 000 | 01308nam a2200361Ia 4500 | ||
|---|---|---|---|
| 001 | ebr10596915 | ||
| 003 | CaPaEBR | ||
| 006 | m u | ||
| 007 | cr cn||||||||| | ||
| 008 | 120419s2012 njua s 001 0 eng d | ||
| 010 | _z 2012015741 | ||
| 020 | _z9789814405454 | ||
| 020 | _z9789814405461 | ||
| 020 | _z9789814417457 (pbk) | ||
| 040 |
_aCaPaEBR _cCaPaEBR |
||
| 035 | _a(OCoLC)811250037 | ||
| 050 | 1 | 4 |
_aHG4636 _b.Z54 2012eb |
| 082 | 0 | 4 |
_a332.64/5 _223 |
| 100 | 1 | _aZiemba, W. T. | |
| 245 | 1 | 0 |
_aCalendar anomalies and arbitrage _h[electronic resource] / _cby William T. Ziemba. |
| 260 |
_aNew Jersey : _bWorld Scientific, _c2012. |
||
| 300 |
_axx, 586 p. : _bill. |
||
| 490 | 0 |
_aWorld Scientific series in finance, _x2010-1082 ; _vv. 2 |
|
| 500 | _aIncludes index. | ||
| 533 |
_aElectronic reproduction. _bPalo Alto, Calif. : _cebrary, _d2011. _nAvailable via World Wide Web. _nAccess may be limited to ebrary affiliated libraries. |
||
| 650 | 0 |
_aStocks _xPrices. |
|
| 650 | 0 | _aStock price forecasting. | |
| 650 | 0 | _aArbitrage. | |
| 650 | 0 | _aSeasonal variations (Economics) | |
| 655 | 7 |
_aElectronic books. _2local |
|
| 710 | 2 | _aebrary, Inc. | |
| 856 | 4 | 0 |
_uhttp://site.ebrary.com/lib/rucke/Doc?id=10596915 _zAn electronic book accessible through the World Wide Web; click to view |
| 999 |
_c212643 _d212643 |
||